000 00471nam a22001577a 4500
020 _a978-81-288-3697-8
082 _a823
_bCOO/L
100 _aCOOPER, JAAMES FENIMORE
245 _aTHE LAST OF THE MOHICANS
_bILLUSTRATED WORLD CLASSICS
246 _aTHE LAST OF THE MOHICANS
_bILLUSTRATED WORLD CLASSICS
260 _aNEW DELHI
_bDIAMOND POCKET BOOKS
_c2012
300 _a127
520 _aILLUSTRATED WORLD CLASSICS
650 _aILLUSTRATED WORLD CLASSICS
942 _cBK
999 _c2843
_d2843